Personnage mystère #25 - Statistiques

Statistiques générales
  • Ce quiz a été pris 248 fois
  • Le résultat moyen est 4 sur 7
Statistiques - réponses
Lettres Indices % Correct
NAJOP Japon
100%
SMONED Mondes
66%
ROCSP Porcs
60%
TLITLEFE Fillette
42%
TRESIPS Esprits
33%
ENATRPS Parents
33%
Nom du personnage Chihiro
23%
Aucun quiz correspondant
Distribution des résultats
% des personnes avec chaque résultat
Percentile par nombre de réponses
Votre historique - résultats
Vous n’avez pas pris ce quiz